00511nam a2200157Ia 4500020001500000040000800015082002600023245008700049260007500136300003300211490003500244650002000279650002100299650001400320700001900334 a9251053626 cAGL a338 FOO 2005 A078 Or.00aIntroductions and movement of two penaeid shrimp species in Asia and the Pacific / aRome :bFood and Agriculture Organization of the United Nations,c2005 axvii, 78 p. :bill. ;c30 cm1 aFAO fisheries technical paper, 0aShrimp industry 0aShrimp fisheries 0aPenaeidae1 aBriggs, Mathew